Disolucin̤ y liquidacin̤ en las sociedades mercantiles 2020

Detalles Bibliográficos
Autor principal: Ruiz Rojas, Reň
Formato: eBook
Lenguaje:español
Publicado: Ciudad de Mx̌ico: Ediciones Fiscales ISEF, 2020
Materias:
Acceso en línea:Acceso restringido

MARC

LEADER 00000nam a22000007a 4500
005 20200720225747.0
007 cr|||| ||||
008 200720s2020 mx |||||s|||| 00||0 spa d
020 |a 978-607-541-226-9 
035 |a 31824 
040 |a vLex 
090 |c 10653  |d 10653 
100 1 |a Ruiz Rojas, Reň 
245 1 0 |a Disolucin̤ y liquidacin̤ en las sociedades mercantiles 2020  |h [Recurso electrn̤ico] /  |c Ren ̌Ruiz Rojas 
256 |a Servicio en ln̕ea 
260 |a Ciudad de Mx̌ico:  |b Ediciones Fiscales ISEF,  |c 2020 
300 |a 1 recurso electrn̤ico 
500 |a Las decisiones en el mundo mercantil tienen su impacto fiscal, corporativo, mercantil, laboral, entre otros; por ello, en este libro se aborda con seriedad cada uno de los matices que implica la DISOLUCIÓN y LIQUIDACIÓN en las Sociedades Mercantiles Si bien es cierto que es posible presentar un aviso de suspensin̤ de actividades y con esto detener la angustia de liquidar el ente econm̤ico, el comunicado a las autoridades fiscales sl̤o dilata el accionar, porque tiene una temporalidad que al consumirse debe iniciar el proceso de la destruccin̤ jurd̕ica empresarial. Esta obra le ayudar ̀a conocer el camino a seguir para lograr las cosas de la mejor manera posible. Estamos seguros que la lectura completa le dar ̀al lector las mejores herramientas para resolver las inquietudes que tenga sobre el tema. 
506 1 |a Disponible solo en los productos indicados  |d vLex Global  |d vLex Global (Academic Edition, excluding Law Schools)  |d vLex Global (U.S. Academic Edition, Law Schools)  |d vLex Global (U.S. Academic Edition, excluding Law Schools)  |d vLex Global (Academic Edition, Law Schools) 
650 0 4 |a Sociedades  |z Mx̌ico 
740 0 |a vLex Libros (Servicio en ln̕ea) 
856 4 0 |u http://vlex.com/source/disolucion-y-liquidacion-en-las-sociedades-mercantiles-2020-31824  |z Acceso restringido 
942 |c BOOK 
999 0 |a Societies